Physics
Na minha lista:
| Autor principal: | |
|---|---|
| Formato: | Livro |
| Idioma: | Undetermined |
| Publicado em: |
Toronto
Macmillan of Canada
1957
|
| Assuntos: | |
| Tags: |
Adicionar Tag
Sem tags, seja o primeiro a adicionar uma tag!
|
| Thư viện lưu trữ: | Trung tâm Học liệu Trường Đại học Cần Thơ |
|---|
| LEADER | 00462nam a2200169Ia 4500 | ||
|---|---|---|---|
| 001 | CTU_149476 | ||
| 008 | 210402s9999 xx 000 0 und d | ||
| 082 | |a 530.07 | ||
| 082 | |b M367 | ||
| 100 | |a Marshall, John Stewart | ||
| 245 | 0 | |a Physics | |
| 245 | 0 | |c J. S. Marshall, E. R. Pounder | |
| 260 | |a Toronto | ||
| 260 | |b Macmillan of Canada | ||
| 260 | |c 1957 | ||
| 650 | |a Physics,Vật lý học | ||
| 980 | |a Trung tâm Học liệu Trường Đại học Cần Thơ | ||